Súčasné problémy riešenia environmentálnej migrácie na medzinárodnej úrovni
Typológia environmentálnych migrantov. Sklon k migrácii vo vzťahu k zmene stavu životného prostredia : štyri scenáre. Scenár A: Migrácia v menej pokročilom štádiu postupnej zmeny životného prostredia. Scenár B: Migrácia v pokročilých štádiách postupnej zmeny životného prostredia. Scenár C: Migrácia...
Salvato in:
| Autore principale: | |
|---|---|
| Natura: | Capitolo di libro |
| Lingua: | slovacco |
| Soggetti: | |
| Tags: |
Nessun Tag, puoi essere il primo ad aggiungerne!!
|
MARC
| LEADER | 00000nla$a2200000$$$4500 | ||
|---|---|---|---|
| 001 | 0117186 | ||
| 005 | 20240502072317.5 | ||
| 041 | 0 | |a slo | |
| 044 | |a SK | ||
| 245 | 1 | 0 | |a Súčasné problémy riešenia environmentálnej migrácie na medzinárodnej úrovni |c Mikuláš Černota |
| 520 | |a Typológia environmentálnych migrantov. Sklon k migrácii vo vzťahu k zmene stavu životného prostredia : štyri scenáre. Scenár A: Migrácia v menej pokročilom štádiu postupnej zmeny životného prostredia. Scenár B: Migrácia v pokročilých štádiách postupnej zmeny životného prostredia. Scenár C: Migrácia z dôvodu extrémnych environmentálnych udalostí. Scenár D: Migrácia z dôvodu veľkoplošných rozvojových projektov a ochrany krajiny. Vplyv migrácie na životné prostredie: 2 scenáre. Vplyv migrácie na životné prostredie v oblasti cieľa migrácie. Vplyv migrácie na životné prostredie v oblasti pôvodu. | ||
| 610 | 2 | 0 | |a migrácia |
| 610 | 2 | 0 | |a pohyb obyvateľstva |
| 610 | 2 | 0 | |a prostredie životné |
| 610 | 2 | 0 | |a príroda |
| 610 | 2 | 0 | |a zmeny klimatické |
| 610 | 2 | 0 | |a urbanizácia |
| 610 | 2 | 0 | |a vidiek |
| 610 | 2 | 0 | |a mestá |
| 100 | 1 | |a Černota, Mikuláš, 1979- | |